LEADER 02484nam 22004693a 450 001 9910980182903321 005 20250203232803.0 024 8 $ahttps://doi.org/10.2307/j.ctv6gqw8t 035 $a(CKB)37523061300041 035 $a(ScCtBLL)9148a77f-96f8-4dea-9e64-4cf458f95d78 035 $a(oapen)doab90061 035 $a(EXLCZ)9937523061300041 100 $a20250203i20132019 uu 101 0 $aeng 135 $aur||||||||||| 181 $ctxt$2rdacontent 182 $cc$2rdamedia 183 $acr$2rdacarrier 200 00$aJohn C. Parkin, Archives and Photography : $eReflections on the Practice and Presentation of Modern Architecture /$fLinda Fraser, Geoffrey Simmins, Michael McMordie 210 $aCalgary$cUniversity of Calgary Press$d2013 210 1$a[s.l.] :$cUniversity of Calgary Press,$d2013. 215 $a1 online resource (1 p.) 225 1 $aArt in Profile 311 08$a9781552386392 311 08$a1552386392 330 $aArchitectural practice in post-World War II Canada brought substantial change to the face of the Canadian built environment, led by the contribution of John C. Parkin. As senior partner at the Toronto-based architectural firm John B. Parkin Associates (no relation) from 1947 to the 1970s, Parkin oversaw the creation of a large number of modernist projects, including hospitals, airports, schools, shopping malls, and factories, and received national recognition for his contributions. This richly illustrated book includes an interview with John C. Parkin and essays that examine the incorporation of art in built architecture, the influence of architectural photography in defining Modern architecture to a Canadian public, the importance of architectural archives, and the corporate structure of a large, highly successful Canadian architectural firm. 606 $aArchitecture / Individual Architects & Firms$2bisacsh 606 $aBiography & Autobiography / Artists, Architects, Photographers$2bisacsh 606 $aArchitecture 608 $aBiographies$2lcgft 615 7$aArchitecture / Individual Architects & Firms 615 7$aBiography & Autobiography / Artists, Architects, Photographers 615 0$aArchitecture. 700 $aFraser$b Linda$0802199 702 $aSimmins$b Geoffrey 702 $aMcMordie$b Michael 801 0$bScCtBLL 801 1$bScCtBLL 906 $aBOOK 912 $a9910980182903321 996 $aJohn C. Parkin, archives, and photography$93011375 997 $aUNINA